Pass the TSA! - Statistics

General Stats
  • This quiz has been taken 18 times
  • The average score is 11 of 18
Answers on the Grid
Answers color-coded by a green-red scale on the quiz's grid according to % correct below.
T-shirt
Jeans
Laptops
Phones
Medicines (with prescription)
Medicines (without prescription)
Kinder Eggs
Unpasteurized cheese
(3.4 ounces) 100 ml beverage
Hard cheese
Roasted coffee
Dry goods
Lithium batteries
Fireworks
Dangerous weapon
Packaged snacks
Cooked meat
Candies
Baby Food
Balloons (not inflated)
Binoculars
Bear spray
Trademark and Copyrighted Articles
Jewerly
Switchblade knives
Shelled nuts
Sharp items
 
Answer Stats
Answer % Correct
T-shirt
100%
Jeans
94%
Medicines (with prescription)
94%
Phones
94%
Laptops
88%
Jewerly
76%
Dry goods
71%
Candies
59%
(3.4 ounces) 100 ml beverage
53%
Balloons (not inflated)
53%
Binoculars
53%
Packaged snacks
53%
Baby Food
41%
Roasted coffee
35%
Cooked meat
29%
Shelled nuts
29%
Hard cheese
24%
Lithium batteries
18%
No matching quizzes found
Score Distribution
Percent of People with Each Score
Percentile by Number Answered
Your Score History
You have not taken this quiz